[Event "Montreal op"]
[Site "Montreal CAN"]
[Date "2005.07.16"]
[Round "2"]
[White "Lalumiere, Claude"]
[Black "Amesse, Louis-Philippe"]
[Result "0-1"]
[WhiteElo "1861"]
[BlackElo "1681"]
[PlyCount "54"]
[GameId "2160767910901129"]
[EventDate "2005.07.15"]
[EventType "swiss"]
[EventRounds "9"]
[EventCountry "CAN"]
[SourceTitle "EXT 2007"]
[Source "ChessBase"]
[SourceDate "2006.11.23"]
[SourceVersion "1"]
[SourceVersionDate "2006.11.23"]
[SourceQuality "1"]

1. e4 d6 2. d4 Nf6 3. Nc3 g6 4. f4 Bg7 5. Nf3 O-O 6. Be3 c5 7. dxc5 Qa5 8. cxd6 Nxe4 9. dxe7 Re8 10. Bd4 Nxc3 11. bxc3 Bxd4 12. Qxd4 Rxe7+ 13. Be2 Nc6 14. Qd2 Bf5 15. O-O Rd8 16. Bd3 Red7 17. Ne1 Nd4 18. Rd1 Ne6 19. c4 Qxa2 20. Qc3 Qa6 21. Nf3 Bxd3 22. cxd3 Nxf4 23. Rde1 Rxd3 24. Qc1 Qd6 25. Ne5 Qd4+ 26. Rf2 Ne2+ 27. Rexe2 Rd1+ 0-1

[Event "Montreal op"]
[Site "Montreal CAN"]
[Date "2005.07.18"]
[Round "2"]
[White "Arsenault, Nicolas"]
[Black "Cloutier, Mathieu"]
[Result "1/2-1/2"]
[WhiteElo "2048"]
[BlackElo "1950"]
[PlyCount "142"]
[GameId "2160767910901130"]
[EventDate "2005.07.15"]
[EventType "swiss"]
[EventRounds "9"]
[EventCountry "CAN"]
[SourceTitle "EXT 2007"]
[Source "ChessBase"]
[SourceDate "2006.11.23"]
[SourceVersion "1"]
[SourceVersionDate "2006.11.23"]
[SourceQuality "1"]

1. e4 c6 2. d4 d5 3. exd5 cxd5 4. c4 Nf6 5. Nc3 Nc6 6. Bg5 dxc4 7. Qa4 Qa5 8. Qxa5 Nxa5 9. Nf3 Bf5 10. Ne5 Ne4 11. Nxe4 Bxe4 12. f3 Bd5 13. Bd2 Nc6 14. Nxc6 bxc6 15. Bf4 Kd7 16. Rc1 c3 17. bxc3 Bxa2 18. Ba6 e5 19. Bxe5 f6 20. Bg3 Re8+ 21. Kd2 g6 22. Ra1 Bd5 23. Bd3 Bh6+ 24. Kc2 Ra8 25. Ra6 Rhd8 26. Rha1 Ke7 27. Rxa7+ Rxa7 28. Rxa7+ Rd7 29. Rxd7+ Kxd7 30. c4 Bg8 31. Kc3 Be3 32. Bc2 Kc8 33. Kd3 Bc1 34. Ba4 Kb7 35. Bf2 Ba3 36. Be3 Bd6 37. h3 Bb8 38. Kc3 Bd6 39. Bc2 Be6 40. Be4 Bg3 41. d5 cxd5 42. Bxd5+ Bxd5 43. cxd5 Kc7 44. Bc5 Kd7 45. Kd3 f5 46. Bb4 Bf2 47. g4 fxg4 48. fxg4 Bh4 49. Ke4 Bf6 50. Bc5 Bd8 51. Ke5 Bg5 52. Bf2 Ke7 53. h4 Bf6+ 54. Ke4 Kd7 55. h5 Bg7 56. Bg3 Bf8 57. Be5 Bh6 58. Bd4 Bf8 59. Bc3 Bh6 60. Bb4 Bg7 61. Kf4 Bh6+ 62. Ke4 Bg7 63. Ba3 Bf6 64. Bf8 Ke8 65. Bc5 Kd7 66. Kf4 Bd8 67. Ke5 Bg5 68. Bb4 Bd8 69. Bd2 Be7 70. Bh6 Bh4 71. hxg6 hxg6 1/2-1/2

[Event "Montreal op"]
[Site "Montreal CAN"]
[Date "2005.07.18"]
[Round "2"]
[White "Fernandez, Lautaro"]
[Black "McDonough, Jonathan"]
[Result "0-1"]
[WhiteElo "2120"]
[BlackElo "2192"]
[PlyCount "104"]
[GameId "2160767910901132"]
[EventDate "2005.07.15"]
[EventType "swiss"]
[EventRounds "9"]
[EventCountry "CAN"]
[SourceTitle "EXT 2007"]
[Source "ChessBase"]
[SourceDate "2006.11.23"]
[SourceVersion "1"]
[SourceVersionDate "2006.11.23"]
[SourceQuality "1"]

1. e4 e6 2. d4 d5 3. Be3 dxe4 4. f3 exf3 5. Nxf3 Nf6 6. Bd3 Nbd7 7. O-O c5 8. c3 Qc7 9. Nbd2 Ng4 10. Qe2 Nxe3 11. Qxe3 Nf6 12. Ne5 Be7 13. Bb5+ Kf8 14. Ne4 cxd4 15. cxd4 h6 16. Rac1 Qd8 17. Rf2 a6 18. Bc4 Bd7 19. Rcf1 Rc8 20. Bb3 Be8 21. Nxf6 Bxf6 22. Qe4 Bc6 23. Ng6+ Kg8 24. Qg4 Bxd4 25. Ne7+ Qxe7 26. Qxd4 Qg5 27. Bc2 Rd8 28. Qb6 Rd7 29. Qb4 h5 30. Be4 Bxe4 31. Qxe4 Rh6 32. Qc2 Qd8 33. Qe4 Qb6 34. h3 Rf6 35. Qc2 Rd5 36. Kh1 Rxf2 37. Rxf2 Qc5 38. Qe2 Qc1+ 39. Rf1 Qd2 40. Qf3 Rf5 41. Rd1 Rxf3 42. Rxd2 Rf1+ 43. Kh2 Rb1 44. Rd8+ Kh7 45. Rd7 Rxb2 46. Rxf7 Kg6 47. Rc7 Kf6 48. Kg3 b5 49. a4 bxa4 50. Rc6 a3 51. Rxa6 a2 52. h4 Ke5 0-1

[Event "Montreal op"]
[Site "Montreal CAN"]
[Date "2005.07.18"]
[Round "2"]
[White "Gravel, Simon M"]
[Black "Robidas, Francois"]
[Result "1-0"]
[WhiteElo "2287"]
[BlackElo "2125"]
[PlyCount "61"]
[GameId "2160767910901134"]
[EventDate "2005.07.15"]
[EventType "swiss"]
[EventRounds "9"]
[EventCountry "CAN"]
[SourceTitle "EXT 2007"]
[Source "ChessBase"]
[SourceDate "2006.11.23"]
[SourceVersion "1"]
[SourceVersionDate "2006.11.23"]
[SourceQuality "1"]

1. e4 Nf6 2. e5 Nd5 3. d4 d6 4. Nf3 Bg4 5. Be2 e6 6. O-O Be7 7. c4 Nb6 8. Nc3 O-O 9. h3 Bh5 10. Be3 Nc6 11. exd6 cxd6 12. d5 Bxf3 13. Bxf3 Ne5 14. dxe6 fxe6 15. Bg4 Nxg4 16. Qxg4 Rf6 17. Rad1 Qc7 18. b3 Qc6 19. Bd4 Rg6 20. Qe4 Rf8 21. Rfe1 Rf5 22. Nb5 Rfg5 23. g4 e5 24. Qxc6 bxc6 25. Nxa7 c5 26. Be3 Rf5 27. Nb5 Nc8 28. Kg2 h5 29. f3 Bh4 30. Rf1 Rff6 31. Nc3 1-0

[Event "Montreal op"]
[Site "Montreal CAN"]
[Date "2005.07.18"]
[Round "2"]
[White "Larochelle, Martial"]
[Black "Tremblay, Rejean"]
[Result "1/2-1/2"]
[WhiteElo "2140"]
[BlackElo "2223"]
[PlyCount "96"]
[GameId "2160767910901135"]
[EventDate "2005.07.15"]
[EventType "swiss"]
[EventRounds "9"]
[EventCountry "CAN"]
[SourceTitle "EXT 2007"]
[Source "ChessBase"]
[SourceDate "2006.11.23"]
[SourceVersion "1"]
[SourceVersionDate "2006.11.23"]
[SourceQuality "1"]

1. d4 Nf6 2. c4 g6 3. Nc3 Bg7 4. e4 d6 5. Be2 O-O 6. Nf3 e5 7. d5 h6 8. h3 Nh5 9. g3 Na6 10. Be3 Nc5 11. Qd2 Kh7 12. O-O-O Bd7 13. Ne1 Nf6 14. f3 Nh5 15. g4 Ng3 16. Rh2 Nxe2+ 17. Nxe2 f5 18. gxf5 gxf5 19. Nc3 Qh4 20. Bf2 Qh5 21. h4 b6 22. Be3 f4 23. Bf2 Bf6 24. Qe2 Rg8 25. Nd3 Nxd3+ 26. Qxd3 a6 27. Rg1 Rxg1+ 28. Bxg1 Rg8 29. Bf2 a5 30. Ne2 Rg7 31. Be1 Kh8 32. Kb1 Qe8 33. a3 Qg8 34. Bc3 Qd8 35. Be1 Be8 36. Ka2 Bh5 37. Bf2 Qg8 38. Be1 Rg2 39. Rh1 Qg7 40. Nc3 Bd8 41. Qf1 Rg6 42. Rh2 Rg1 43. Qe2 Kh7 44. Bf2 Rg2 45. Rh3 Qd7 46. Rh1 Qg7 47. Rh3 Qd7 48. Rh1 Qg7 1/2-1/2

[Event "Montreal op"]
[Site "Montreal CAN"]
[Date "2005.07.18"]
[Round "2"]
[White "Malveau, Cedric"]
[Black "Carrier, Claude"]
[Result "1-0"]
[WhiteElo "1970"]
[BlackElo "2049"]
[PlyCount "75"]
[GameId "2160767910901136"]
[EventDate "2005.07.15"]
[EventType "swiss"]
[EventRounds "9"]
[EventCountry "CAN"]
[SourceTitle "EXT 2007"]
[Source "ChessBase"]
[SourceDate "2006.11.23"]
[SourceVersion "1"]
[SourceVersionDate "2006.11.23"]
[SourceQuality "1"]

1. e4 c5 2. Nc3 e6 3. g3 d6 4. Bg2 Nc6 5. d3 Be7 6. Be3 Bf6 7. Nge2 Nd4 8. O-O Ne7 9. Nf4 g6 10. Rb1 Nec6 11. Nce2 O-O 12. c3 Nxe2+ 13. Nxe2 a5 14. f4 a4 15. g4 Re8 16. Qd2 Ra6 17. Ng3 a3 18. b3 Qa5 19. Rbc1 b5 20. f5 Be5 21. fxg6 hxg6 22. Qf2 Nd8 23. d4 Bxg3 24. hxg3 Qc7 25. dxc5 dxc5 26. Bxc5 e5 27. g5 Bg4 28. Be3 Rd6 29. Bf3 Bxf3 30. Qxf3 Rd3 31. Qf2 Qd7 32. Kg2 Re6 33. Rh1 Red6 34. Rce1 Rxc3 35. Rh4 Rd1 36. Qf6 Rc2+ 37. Kf3 Kf8 38. Rh8# 1-0

[Event "Montreal op"]
[Site "Montreal CAN"]
[Date "2005.07.18"]
[Round "2"]
[White "Noble, Matthew"]
[Black "Nicula, Marius"]
[Result "1/2-1/2"]
[WhiteElo "2368"]
[BlackElo "2163"]
[PlyCount "95"]
[GameId "2160767910901137"]
[EventDate "2005.07.15"]
[EventType "swiss"]
[EventRounds "9"]
[EventCountry "CAN"]
[SourceTitle "EXT 2007"]
[Source "ChessBase"]
[SourceDate "2006.11.23"]
[SourceVersion "1"]
[SourceVersionDate "2006.11.23"]
[SourceQuality "1"]

1. c4 g6 2. Nc3 Bg7 3. Nf3 Nf6 4. g3 O-O 5. Bg2 d6 6. d4 Nbd7 7. O-O e5 8. e4 a6 9. Re1 Rb8 10. a4 a5 11. h3 c6 12. Be3 Re8 13. Qc2 Qe7 14. Rad1 Qf8 15. d5 c5 16. Qd2 Kh8 17. Rf1 Ng8 18. Nb5 b6 19. Kh2 Rb7 20. Qe2 Qe7 21. Ne1 Nf8 22. Nd3 f5 23. Nc3 Nf6 24. Rde1 h6 25. Qd2 g5 26. exf5 Bxf5 27. f3 Qd8 28. Nf2 Ng6 29. Nfe4 Nxe4 30. fxe4 Bc8 31. Rf2 Rf8 32. Ref1 Rxf2 33. Rxf2 Kg8 34. Bf3 Nf4 35. Bg4 Bxg4 36. hxg4 Rf7 37. Qd1 Ng6 38. Qf1 Rxf2+ 39. Qxf2 Ne7 40. Nb5 Qd7 41. Qf3 Nc8 42. Kh3 Na7 43. Nc3 Qf7 44. Qf5 Bf8 45. Kg2 Qxf5 46. gxf5 g4 47. Nd1 Kf7 48. Nf2 1/2-1/2

[Event "Montreal op"]
[Site "Montreal CAN"]
[Date "2005.07.18"]
[Round "2"]
[White "Predescu, Sebastian"]
[Black "Tessier, Olivier"]
[Result "1-0"]
[WhiteElo "2234"]
[BlackElo "2136"]
[PlyCount "71"]
[GameId "2160767910901138"]
[EventDate "2005.07.15"]
[EventType "swiss"]
[EventRounds "9"]
[EventCountry "CAN"]
[SourceTitle "EXT 2007"]
[Source "ChessBase"]
[SourceDate "2006.11.23"]
[SourceVersion "1"]
[SourceVersionDate "2006.11.23"]
[SourceQuality "1"]

1. e4 c5 2. Nf3 Nf6 3. Nc3 e6 4. e5 Nd5 5. Nxd5 exd5 6. d4 Nc6 7. dxc5 Bxc5 8. Qxd5 d6 9. exd6 Qb6 10. Qe4+ Be6 11. Qh4 f6 12. Bd3 O-O-O 13. O-O h5 14. Be3 Bg4 15. Bxc5 Qxc5 16. Qg3 g5 17. Nd2 f5 18. Qe3 Qxd6 19. Nc4 Qf6 20. Qc5 f4 21. Na5 Rd6 22. Nxc6 Rxc6 23. Qxa7 Rd8 24. f3 Bd7 25. Rad1 g4 26. Be4 Rb6 27. Rd5 Qxb2 28. Rfd1 Kc7 29. Bf5 Qb4 30. a3 Qc4 31. Qa5 Bb5 32. Rxd8 Qc5+ 33. R8d4 g3 34. a4 Qa3 35. hxg3 fxg3 36. Qe1 1-0

[Event "Montreal op"]
[Site "Montreal CAN"]
[Date "2005.07.18"]
[Round "2"]
[White "Ramaswamy, Kishor"]
[Black "Feoktistov, Dmitri"]
[Result "0-1"]
[WhiteElo "2179"]
[BlackElo "2234"]
[PlyCount "145"]
[GameId "2160767910901139"]
[EventDate "2005.07.15"]
[EventType "swiss"]
[EventRounds "9"]
[EventCountry "CAN"]
[SourceTitle "EXT 2007"]
[Source "ChessBase"]
[SourceDate "2006.11.23"]
[SourceVersion "1"]
[SourceVersionDate "2006.11.23"]
[SourceQuality "1"]

1. d4 d5 2. Nf3 Nf6 3. Bg5 Ne4 4. Bh4 c5 5. c3 Qb6 6. Qb3 Nc6 7. e3 c4 8. Qc2 Bf5 9. Qc1 e6 10. Nbd2 Nxd2 11. Nxd2 Bd6 12. Be2 Qc7 13. Bg3 b5 14. O-O O-O 15. Bf3 Bd3 16. Re1 f5 17. b4 a5 18. a3 Ra6 19. Bxd6 Qxd6 20. Be2 Bxe2 21. Rxe2 Rfa8 22. Rb1 axb4 23. axb4 Ra2 24. Rb2 Ra1 25. Rb1 R1a3 26. f4 Ne7 27. Rb2 Nc8 28. g3 Qa6 29. Kf2 Nd6 30. Qc2 Qc8 31. Re1 Ne8 32. h3 Nf6 33. Kf3 Qe8 34. g4 Qg6 35. g5 Qh5+ 36. Kg3 Ne4+ 37. Nxe4 fxe4 38. Qe2 Qxe2 39. Rexe2 Rxc3 40. f5 exf5 41. Kf4 Re8 42. Kxf5 Rc1 43. Rf2 Rh1 44. Kg4 Rg1+ 45. Rg2 Rxg2+ 46. Rxg2 Kf7 47. Ra2 g6 48. Ra5 Rc8 49. Kf4 c3 50. Ra7+ Ke6 51. Ra6+ Kd7 52. Ra1 Rf8+ 53. Kg4 Rf3 54. Re1 Ke6 55. Re2 Kf7 56. h4 Kg7 57. h5 gxh5+ 58. Kxh5 Kf7 59. Kh4 Kg6 60. Kg4 h6 61. gxh6 Kxh6 62. Re1 Kg6 63. Re2 Kf6 64. Re1 Ke6 65. Re2 Kd6 66. Kg5 Ke6 67. Kg4 Rf8 68. Rc2 Rc8 69. Kg5 Rc4 70. Kf4 Kd6 71. Kf5 Rxb4 72. Rxc3 Rc4 73. Ra3 0-1

[Event "Montreal op"]
[Site "Montreal CAN"]
[Date "2005.07.18"]
[Round "2"]
[White "Rivest, Jean-Michel"]
[Black "Malette, Martin"]
[Result "1-0"]
[WhiteElo "1921"]
[BlackElo "2043"]
[PlyCount "71"]
[GameId "2160767910901140"]
[EventDate "2005.07.15"]
[EventType "swiss"]
[EventRounds "9"]
[EventCountry "CAN"]
[SourceTitle "EXT 2007"]
[Source "ChessBase"]
[SourceDate "2006.11.23"]
[SourceVersion "1"]
[SourceVersionDate "2006.11.23"]
[SourceQuality "1"]

1. e4 c5 2. Nf3 d6 3. d4 Nf6 4. Nc3 cxd4 5. Nxd4 g6 6. Be3 Bg7 7. f3 Nc6 8. Qd2 O-O 9. Bc4 Bd7 10. O-O-O Rc8 11. Bb3 Ne5 12. Kb1 Nc4 13. Bxc4 Rxc4 14. g4 b5 15. h4 Qb8 16. h5 Rfc8 17. hxg6 Rxc3 18. gxh7+ Nxh7 19. bxc3 Qc7 20. Qh2 Nf6 21. g5 Ne8 22. Rd3 Qa5 23. Nb3 Qa4 24. Bd4 e5 25. Be3 Be6 26. Qh7+ Kf8 27. g6 f6 28. Bh6 Rc7 29. Bxg7+ Rxg7 30. Qh8+ Bg8 31. Qh3 Rxg6 32. Qc8 Qa3 33. Rhd1 Ke7 34. Qb7+ Kf8 35. Qxb5 Rg2 36. Qa5 1-0

[Event "Montreal op"]
[Site "Montreal CAN"]
[Date "2005.07.18"]
[Round "2"]
[White "Robichaud, Louis"]
[Black "Masse, Hugues"]
[Result "1-0"]
[WhiteElo "2158"]
[BlackElo "2264"]
[PlyCount "71"]
[GameId "2160767910901141"]
[EventDate "2005.07.15"]
[EventType "swiss"]
[EventRounds "9"]
[EventCountry "CAN"]
[SourceTitle "EXT 2007"]
[Source "ChessBase"]
[SourceDate "2006.11.23"]
[SourceVersion "1"]
[SourceVersionDate "2006.11.23"]
[SourceQuality "1"]

1. e4 e5 2. Nf3 Nc6 3. Bb5 a6 4. Ba4 Nf6 5. O-O b5 6. Bb3 Bb7 7. Re1 Bc5 8. c3 d6 9. d4 Bb6 10. a4 h6 11. axb5 axb5 12. Rxa8 Qxa8 13. Bc2 O-O 14. dxe5 Ng4 15. Rf1 Ncxe5 16. Nxe5 Nxe5 17. Nd2 f5 18. Qe2 Qe8 19. Kh1 f4 20. f3 Bc8 21. Bb3+ Kh7 22. Ba2 g5 23. b4 Rf6 24. Bb2 g4 25. c4 g3 26. Rd1 Qh5 27. Nf1 Be6 28. Bxe5 Qxe5 29. c5 Bxa2 30. Qxa2 Bxc5 31. bxc5 Qxc5 32. hxg3 fxg3 33. Nxg3 Rf4 34. Nf5 Qc4 35. Qd2 Qb3 36. Rc1 1-0

[Event "Montreal op"]
[Site "Montreal CAN"]
[Date "2005.07.18"]
[Round "2"]
[White "Roy, Alain"]
[Black "Malek, Omid"]
[Result "1-0"]
[WhiteElo "2117"]
[BlackElo "2021"]
[PlyCount "115"]
[GameId "2160767910901142"]
[EventDate "2005.07.15"]
[EventType "swiss"]
[EventRounds "9"]
[EventCountry "CAN"]
[SourceTitle "EXT 2007"]
[Source "ChessBase"]
[SourceDate "2006.11.23"]
[SourceVersion "1"]
[SourceVersionDate "2006.11.23"]
[SourceQuality "1"]

1. d4 d5 2. c4 e6 3. Nc3 c6 4. Nf3 Nf6 5. a3 dxc4 6. e4 b5 7. e5 Nd5 8. Ng5 Bb7 9. Qh5 g6 10. Qf3 Qc7 11. Be2 h6 12. Nxd5 cxd5 13. Qf6 Rg8 14. Nxe6 Qb6 15. Nxf8 Qxf6 16. exf6 Rxf8 17. Bxh6 Rh8 18. Be3 Nd7 19. Bg5 O-O-O 20. O-O-O Kb8 21. Bg4 Nf8 22. Rde1 Bc8 23. Bf4+ Ka8 24. Bc7 Bxg4 25. Bxd8 Ne6 26. Be7 Nxd4 27. f3 Nb3+ 28. Kd1 Bf5 29. Re5 d4 30. Rxb5 a5 31. h4 Bd7 32. Rd5 Ba4 33. Ke2 Kb7 34. g4 Rc8 35. Rd8 Rc7 36. Bd6 Rc6 37. h5 gxh5 38. gxh5 c3 39. bxc3 dxc3 40. h6 Nd4+ 41. Kd3 Ne6 42. Rb1+ Ka7 43. h7 Nxd8 44. Bb8+ Ka6 45. h8=Q c2 46. Rc1 Ne6 47. Be5 Nc5+ 48. Ke3 Nb3 49. Qa8+ Kb6 50. Bd4+ Kc7 51. Bb2 Bb5 52. Qa7+ Kc8 53. Qxf7 Nxc1 54. Bxc1 Rd6 55. Qf8+ Kd7 56. Qe7+ Kc6 57. f7 Rd1 58. Qe4+ 1-0

[Event "Montreal op"]
[Site "Montreal CAN"]
[Date "2005.07.18"]
[Round "2"]
[White "Yao, Sammy"]
[Black "Luksza, Arkadiusz"]
[Result "0-1"]
[WhiteElo "1862"]
[BlackElo "2173"]
[PlyCount "82"]
[GameId "2160767910901143"]
[EventDate "2005.07.15"]
[EventType "swiss"]
[EventRounds "9"]
[EventCountry "CAN"]
[SourceTitle "EXT 2007"]
[Source "ChessBase"]
[SourceDate "2006.11.23"]
[SourceVersion "1"]
[SourceVersionDate "2006.11.23"]
[SourceQuality "1"]

1. e4 e6 2. d4 d5 3. Nc3 Nf6 4. e5 Nfd7 5. Nce2 c5 6. c3 a6 7. Nf3 Qb6 8. a3 Nc6 9. g3 Na5 10. b4 cxb4 11. axb4 Nc4 12. Nd2 Qc6 13. Qb3 b5 14. Bg2 Ndb6 15. Nf4 a5 16. Nd3 a4 17. Qc2 Be7 18. O-O O-O 19. Nxc4 Nxc4 20. f4 Ra7 21. g4 f6 22. Rf3 fxe5 23. dxe5 Bd8 24. Rh3 g6 25. Nb2 Bb6+ 26. Kh1 Nxe5 27. fxe5 Rf2 28. Qd3 Rxg2 29. Kxg2 Rf7 30. Rf3 d4 31. Kg3 Bb7 32. Rxf7 Qg2+ 33. Kh4 Kxf7 34. Qg3 Bd8+ 35. g5 Qe2 36. Qf4+ Kg8 37. Bd2 h6 38. Rg1 hxg5+ 39. Rxg5 dxc3 40. Kh3 Bxg5 41. Qxg5 Qg2+ 0-1

[Event "Montreal op"]
[Site "Montreal CAN"]
[Date "2005.07.18"]
[Round "2"]
[White "Yuan, Yuanling"]
[Black "Libersan, Thierry"]
[Result "0-1"]
[WhiteElo "1995"]
[BlackElo "2065"]
[PlyCount "112"]
[GameId "2160767910901144"]
[EventDate "2005.07.15"]
[EventType "swiss"]
[EventRounds "9"]
[EventCountry "CAN"]
[SourceTitle "EXT 2007"]
[Source "ChessBase"]
[SourceDate "2006.11.23"]
[SourceVersion "1"]
[SourceVersionDate "2006.11.23"]
[SourceQuality "1"]

1. e4 c5 2. Nf3 e6 3. d4 cxd4 4. Nxd4 Nf6 5. e5 Qa5+ 6. c3 Qxe5+ 7. Be2 a6 8. Nd2 Be7 9. O-O O-O 10. N2f3 Qc7 11. Bd3 d6 12. Qc2 Re8 13. Ng5 g6 14. Re1 Bf8 15. h4 Nc6 16. Ndf3 d5 17. Nh2 e5 18. Bf1 Bf5 19. Qd1 h5 20. Bd3 e4 21. Be2 Bd6 22. Nf1 Rad8 23. Ne3 Bc8 24. g4 d4 25. cxd4 Nxd4 26. gxh5 Nxe2+ 27. Qxe2 Nxh5 28. Qc4 Nf4 29. Qxc7 Bxc7 30. Ng2 Nxg2 31. Kxg2 f5 32. Be3 Be5 33. Rab1 b5 34. b3 Bb7 35. Kf1 Bf6 36. Rbc1 Rc8 37. Red1 Rxc1 38. Rxc1 Be5 39. Rd1 Bc6 40. Rc1 Bd5 41. Rd1 Be6 42. Rc1 Bd5 43. Rd1 Rd8 44. Kg1 Rd7 45. Rc1 f4 46. Rc8+ Kg7 47. Bc5 f3 48. Re8 Kf6 49. Rf8+ Bf7 50. Nxe4+ Kf5 51. Nd6+ Bxd6 52. Bxd6 Rxd6 53. Rxf7+ Kg4 54. Kh2 Rd2 55. Kg1 Rd3 56. Rf6 Kh3 0-1

[Event "Montreal op"]
[Site "Montreal CAN"]
[Date "2005.07.16"]
[Round "3"]
[White "Gauthier, Denis"]
[Black "Dimev, Kiril"]
[Result "0-1"]
[WhiteElo "1876"]
[BlackElo "1834"]
[PlyCount "138"]
[GameId "2160767910901145"]
[EventDate "2005.07.15"]
[EventType "swiss"]
[EventRounds "9"]
[EventCountry "CAN"]
[SourceTitle "EXT 2007"]
[Source "ChessBase"]
[SourceDate "2006.11.23"]
[SourceVersion "1"]
[SourceVersionDate "2006.11.23"]
[SourceQuality "1"]

1. d4 Nf6 2. c4 e6 3. Nf3 d5 4. Nc3 Bb4 5. Bg5 h6 6. Bxf6 Qxf6 7. e3 O-O 8. Qb3 c5 9. a3 cxd4 10. axb4 dxc3 11. bxc3 Nc6 12. Be2 Bd7 13. O-O dxc4 14. Bxc4 Rfc8 15. Rfd1 Be8 16. Be2 a6 17. c4 Rd8 18. Rac1 Rxd1+ 19. Rxd1 Rd8 20. Rxd8 Qxd8 21. Qc3 Qb6 22. b5 axb5 23. cxb5 Ne7 24. Qc4 Qd6 25. h3 Nd5 26. Qc8 Qd7 27. Qc5 Qc7 28. Qa3 Nc3 29. Bd3 Nxb5 30. Qa8 Nd6 31. Ne5 Qc8 32. Qa3 Qc7 33. Qa8 Nc8 34. Nc4 Kf8 35. Qa3+ Qe7 36. Qa8 Qd7 37. Ne5 Qc7 38. Nc4 g6 39. Qa3+ Qe7 40. Qa8 Qc7 41. Qa3+ Ne7 42. Nd6 Bd7 43. Qa8+ Bc8 44. Qa3 Kg8 45. Ne8 Qd8 46. Nf6+ Kf8 47. Qc3 Nd5 48. Nxd5 exd5 49. Qh8+ Ke7 50. Qxh6 Qd6 51. Qg5+ Kf8 52. h4 Be6 53. h5 gxh5 54. Qxh5 Ke7 55. Qg5+ Kd7 56. Qf6 Qc5 57. Qb2 Kc6 58. Be2 b5 59. Bf3 Kb6 60. Qe5 Qc1+ 61. Kh2 Qc7 62. Qxc7+ Kxc7 63. Kg1 Kd6 64. Kf1 Kc5 65. Ke1 Kb4 66. Kd2 Ka3 67. Bd1 b4 68. Bc2 b3 69. Bb1 Kb2 0-1

[Event "Montreal op"]
[Site "Montreal CAN"]
[Date "2005.07.16"]
[Round "3"]
[White "Morin, Louis"]
[Black "Pilotte, Benoit"]
[Result "0-1"]
[WhiteElo "1992"]
[BlackElo "1795"]
[PlyCount "74"]
[GameId "2160767910901147"]
[EventDate "2005.07.15"]
[EventType "swiss"]
[EventRounds "9"]
[EventCountry "CAN"]
[SourceTitle "EXT 2007"]
[Source "ChessBase"]
[SourceDate "2006.11.23"]
[SourceVersion "1"]
[SourceVersionDate "2006.11.23"]
[SourceQuality "1"]

1. e4 d6 2. d4 Nf6 3. Nc3 g6 4. f4 Bg7 5. Nf3 c5 6. dxc5 Qa5 7. Bd3 Qxc5 8. Qe2 O-O 9. Be3 Qa5 10. O-O Bg4 11. h3 Bxf3 12. Rxf3 Rc8 13. Qd2 Nc6 14. Ne2 Qxd2 15. Bxd2 Nd7 16. c3 Nc5 17. Bc2 b5 18. Rd1 a5 19. Be3 Na6 20. Nd4 Nab4 21. Bb1 Nxd4 22. cxd4 Rc4 23. Bf2 Rac8 24. Kh2 Rc1 25. Rxc1 Rxc1 26. Bd3 Nxd3 27. Rxd3 Rc2 28. Bh4 f6 29. Rb3 b4 30. a3 bxa3 31. Rxa3 Rxb2 32. Rxa5 Re2 33. e5 dxe5 34. fxe5 fxe5 35. d5 e4 36. Bxe7 Be5+ 37. Kg1 e3 0-1

[Event "Montreal op"]
[Site "Montreal CAN"]
[Date "2005.07.19"]
[Round "3"]
[White "Caceres Cortes, Julio"]
[Black "Jodoin, Pierre"]
[Result "0-1"]
[WhiteElo "2153"]
[BlackElo "1761"]
[PlyCount "80"]
[GameId "2160767910901148"]
[EventDate "2005.07.15"]
[EventType "swiss"]
[EventRounds "9"]
[EventCountry "CAN"]
[SourceTitle "EXT 2007"]
[Source "ChessBase"]
[SourceDate "2006.11.23"]
[SourceVersion "1"]
[SourceVersionDate "2006.11.23"]
[SourceQuality "1"]

1. e4 c5 2. Nf3 Nc6 3. d4 cxd4 4. Nxd4 e5 5. Nb5 a6 6. Nd6+ Bxd6 7. Qxd6 Qf6 8. Qd1 Qg6 9. Nc3 Nge7 10. h4 h5 11. Bg5 f6 12. Be3 d5 13. exd5 Nb4 14. Bd3 Nxd3+ 15. Qxd3 Bf5 16. Qd2 O-O 17. O-O-O Rfc8 18. Bb6 Kh7 19. d6 Nc6 20. a3 Qxg2 21. Rhg1 Qh2 22. Rg3 Qxh4 23. Rdg1 g5 24. Qd5 Bg6 25. Rh1 Qf4+ 26. Be3 Qf5 27. Qd1 Nd4 28. Rxh5+ Bxh5 29. Qxh5+ Kg7 30. Qd1 Rc4 31. Qd3 Rd8 32. Bxd4 Qxd3 33. cxd3 Rxd4 34. Ne4 R8xd6 35. Nxd6 Rxd6 36. Kc2 Rd4 37. Re3 Kg6 38. Kd2 Kf5 39. Rh3 Rh4 40. Rf3+ Rf4 0-1

[Event "Montreal op"]
[Site "Montreal CAN"]
[Date "2005.07.19"]
[Round "3"]
[White "Carrier, Claude"]
[Black "Yuan, Yuanling"]
[Result "1-0"]
[WhiteElo "2049"]
[BlackElo "1995"]
[PlyCount "69"]
[GameId "2160767910901149"]
[EventDate "2005.07.15"]
[EventType "swiss"]
[EventRounds "9"]
[EventCountry "CAN"]
[SourceTitle "EXT 2007"]
[Source "ChessBase"]
[SourceDate "2006.11.23"]
[SourceVersion "1"]
[SourceVersionDate "2006.11.23"]
[SourceQuality "1"]

1. e4 c5 2. Nf3 d6 3. d4 cxd4 4. Nxd4 Nf6 5. Nc3 g6 6. Be3 Bg7 7. f3 Nc6 8. Bc4 O-O 9. Qd2 Bd7 10. O-O-O Rc8 11. Bb3 Ne5 12. Bg5 Rc5 13. h4 h5 14. f4 Neg4 15. e5 Nxe5 16. fxe5 Rxe5 17. Rde1 Rxe1+ 18. Rxe1 Re8 19. Qd3 d5 20. Nxd5 Nxd5 21. Bxd5 Qa5 22. Qe4 e6 23. Bb3 Bxd4 24. Rd1 Bxb2+ 25. Kxb2 Bc6 26. Qf4 Bxg2 27. Qf6 Qf5 28. Rd8 Rxd8 29. Qxd8+ Kg7 30. Bh6+ Kh7 31. Bd2 e5 32. Qe8 Kg7 33. Bc3 f6 34. Qg8+ Kh6 35. Qh8# 1-0

[Event "Montreal op"]
[Site "Montreal CAN"]
[Date "2005.07.19"]
[Round "3"]
[White "Cloutier, Mathieu"]
[Black "Ye, Ling Feng"]
[Result "0-1"]
[WhiteElo "1950"]
[BlackElo "2051"]
[PlyCount "70"]
[GameId "2160767910901150"]
[EventDate "2005.07.15"]
[EventType "swiss"]
[EventRounds "9"]
[EventCountry "CAN"]
[SourceTitle "EXT 2007"]
[Source "ChessBase"]
[SourceDate "2006.11.23"]
[SourceVersion "1"]
[SourceVersionDate "2006.11.23"]
[SourceQuality "1"]

1. e4 c5 2. Nf3 e6 3. d4 cxd4 4. Nxd4 Nf6 5. Nc3 d6 6. g4 h6 7. h4 Be7 8. g5 hxg5 9. Bxg5 a6 10. Qd2 b5 11. Bg2 Bb7 12. a3 Nbd7 13. f4 Qc7 14. O-O-O Rc8 15. Rh3 Nb6 16. Qe2 Nc4 17. h5 Qb6 18. h6 gxh6 19. Nd5 exd5 20. exd5 Kd7 21. Nf5 Rce8 22. Ng7 hxg5 23. fxg5 Nxd5 24. Qg4+ Kc7 25. Nxe8+ Rxe8 26. Bxd5 Bxd5 27. Rxd5 Ne3 28. Rxe3 Qxe3+ 29. Kb1 Rg8 30. Rd3 Qe1+ 31. Rd1 Qe5 32. Rd3 Rxg5 33. Qb4 Rg1+ 34. Ka2 Qe6+ 35. b3 Qe1 0-1